Planning and Designing Your Home Landscape (Record no. 9637)

MARC details
000 -LEADER
fixed length control field 00400nam a2200145Ia 4500
008 - FIXED-LENGTH DATA ELEMENTS--GENERAL INFORMATION
fixed length control field 230312s9999||||xx |||||||||||||| ||und||
082 ## - DEWEY DECIMAL CLASSIFICATION NUMBER
Classification number 728
Item number WIL-P
100 ## - MAIN ENTRY--PERSONAL NAME
Personal name Wilson;Dan
245 #0 - TITLE STATEMENT
Title Planning and Designing Your Home Landscape
260 ## - PUBLICATION, DISTRIBUTION, ETC.
Name of publisher, distributor, etc. Cooperative Extension
Place of publication, distribution, etc. USA
Date of publication, distribution, etc. 2013
300 ## - PHYSICAL DESCRIPTION
Extent 32
546 ## - LANGUAGE NOTE
Language note Eng.
650 ## - SUBJECT ADDED ENTRY--TOPICAL TERM
Topical term or geographic name entry element Architecture
Form subdivision Planning and Designing Your Home Landscape
942 ## - ADDED ENTRY ELEMENTS (KOHA)
Koha item type BOOK
Holdings
Withdrawn status Lost status Source of classification or shelving scheme Damaged status Not for loan Home library Current library Date acquired Total Checkouts Full call number Barcode Date last seen Price effective from Koha item type
    Dewey Decimal Classification     Superior Information Resource Center (SIRC) Superior University- Main Campus Superior Information Resource Center (SIRC) Superior University- Main Campus 03/13/2023   728 WIL-P 9749 03/13/2023 03/13/2023 BOOK

Powered by Koha